| 000 | 00491nam a2200181Ia 4500 | ||
|---|---|---|---|
| 008 | 151018s9999 xx 000 0 und d | ||
| 082 |
_bRBASDV6821 _a530 |
||
| 100 | _aE.N. da C Andrade | ||
| 245 | _aPhysics for the Modern world | ||
| 250 | _b1 | ||
| 260 |
_bEnglish Language book society _c1963 |
||
| 300 | _a98 | ||
| 600 | _aE.N. da C Andrade | ||
| 630 | _aPhysics for the Modern world | ||
| 700 | _aE.N. da C Andrade | ||
| 730 | _aPhysics for the Modern world | ||
| 942 | _cBOOK | ||
| 999 |
_c1009190 _d1009187 |
||